MARC

Tag First Indicator Second Indicator Subfields
LEADER 00000cam a2200000 i 4500
001 in00000059925
005 20230822115521.0
008 790215s1975 waua r 000 0 eng
016 7 |a 7901499  |2 DNLM 
019 |a 2357672  |a 14381205  |a 1011864176 
029 0 |a NLM  |b 7901499 
029 1 |a AU@  |b 000044876056 
035 |a (OCoLC)ocm15383036  
035 |a (OCoLC)15383036  |z (OCoLC)2357672  |z (OCoLC)14381205  |z (OCoLC)1011864176 
035 |a (OCoLC)ocm15383036  
040 |a NLM  |b eng  |c NLM  |d NJR  |d IQU  |d CGC  |d KYUBL  |d OCLCF  |d OCLCQ  |d OCLCO  |d OCLCQ  |d OCLCO  |d COM  |d OCLCO  |d OCL 
043 |a n-us--- 
050 4 |a GV445  |b .P47 
060 0 0 |a QT 22 AA1  |b P5g 1975 
082 0 4 |a 016.37191  |b P5697g 
110 2 |a Physical Education and Recreation for the Handicapped, Information and Research Utilization Center (Washington, D.C.) 
245 1 0 |a Guide to information systems in physical education and recreation for impaired, disabled, and handicapped persons. 
250 |a 3d ed. /  |b updated, supplemented, and rev. by Liane Summerfield. 
260 |a [Washington] :  |b Physical Education and Recreation for the Handicapped :  |b Information and Research Utilization Center (IRUC),  |c [1975?] 
300 |a 40 pages :  |b illustrations 
336 |a text  |b txt  |2 rdacontent 
337 |a unmediated  |b n  |2 rdamedia 
338 |a volume  |b nc  |2 rdacarrier 
500 |a Sponsored by American Alliance for Health, Physical Education, and Recreation. 
500 |a A project of U.S. Dept. of Health, Education, and Welfare, Office of Education, Bureau of Education for the Handicapped. 
650 0 |a Physical education for people with disabilities  |v Directories. 
650 0 |a Physical education for people with disabilities  |z United States. 
650 0 |a People with disabilities. 
650 0 |a Information services. 
650 0 |a Recreation. 
650 2 |a Disabled Persons 
650 2 |a Information Centers 
650 2 |a Information Services 
650 2 |a Physical Education and Training 
650 2 |a Recreation 
651 2 |a United States 
650 6 |a Éducation physique pour personnes handicapées  |v Répertoires. 
650 6 |a Éducation physique pour personnes handicapées  |z États-Unis. 
650 6 |a Personnes handicapées. 
650 6 |a Services d'information. 
650 6 |a Éducation physique. 
650 6 |a Loisirs. 
650 7 |a recreation.  |2 aat 
650 7 |a Recreation.  |2 fast  |0 (OCoLC)fst01091713 
650 7 |a People with disabilities.  |2 fast  |0 (OCoLC)fst01057245 
650 7 |a Information services.  |2 fast  |0 (OCoLC)fst00972696 
650 7 |a Physical education for people with disabilities.  |2 fast  |0 (OCoLC)fst01062518 
651 7 |a United States.  |2 fast  |0 (OCoLC)fst01204155 
655 2 |a Directory 
655 7 |a directories.  |2 aat 
655 7 |a Directories.  |2 fast  |0 (OCoLC)fst01423796 
655 7 |a Directories.  |2 lcgft 
655 7 |a Répertoires.  |2 rvmgf 
700 1 |a Summerfield, Liane. 
710 1 |a United States.  |b Bureau of Education for the Handicapped. 
710 2 |a American Alliance for Health, Physical Education, and Recreation. 
948 |h HELD BY TXA - 42 OTHER HOLDINGS 
994 |a Z0  |b TXA 
999 f f |s 209853b9-2e6e-31c7-b79d-f6ccbe272555  |i 28acee29-dc6d-3d95-a4e5-a35a8e68c366  |t 0 
952 f f |p ric  |a Texas A&M University  |b Rellis Campus  |c Joint Library Facility  |d Remote Storage  |t 0  |e GV445 .I53 1975  |h Library of Congress classification  |i unmediated -- volume  |m A14802461097 
998 f f |a GV445 .I53 1975  |t 0  |l Remote Storage